Statistiques concernant Géographie de la Terre du Milieu

Cliquez ici pour prendre le quiz!

Statistiques générales

  • Ce quiz a été pris 3 569 fois
    (3 149 depuis la dernière actualisation)
  • Le résultat moyen est 11 sur 20

Statistiques - réponses

IndiceRéponse% Correct
Région habitée par les HobbitsLa Comté
91%
Royaume de SauronMordor
89%
Royaume de fiers cavaliersRohan
81%
Royaume d'AragornGondor
78%
Cité fortifiée, capitale de ce royaumeMinas Tirith
70%
Ancienne cité des nains, sous ces montagnesMoria
69%
Montagne où Frodon doit jeter l'Anneau UniqueMontagne du Destin
64%
Demeure de BilbonCul-de-Sac
61%
Forteresse de SaroumaneIsengard
60%
Montagne abritant le dragon SmaugMontagne Solitaire / Erebor
58%
Vallée abritant le village d'ElrondFondcombe
50%
Ville où se trouve l'auberge du Poney FringantBree
45%
Grande forêt, d'où vient LegolasForêt Noire
43%
Sa forteresseBarad-dûr
39%
Royaume de GaladrielLothlórien
38%
Capitale de ce royaumeEdoras
37%
Royaume des EntsFangorn
37%
La tour en son centreOrthanc
31%
Cité lacustre sur pilotis, située au sud de cette dernièreEsgaroth
29%
Principale chaîne de montagnes, s'étendant du nord au sudMonts Brumeux
29%

Distribution des résultats

Percentile par nombre de réponses

% des personnes avec chaque résultat

Votre développement - résultats

Vous n’avez pas pris ce quiz depuis la dernière actualisation